[Event "Muensterland Verbandsklasse 1920"]
[Site "Germany"]
[Date "2020.02.29"]
[Round "7.2"]
[White "Moor, Daniel"]
[Black "Dolle, Stephan"]
[Result "1-0"]
[WhiteElo "1899"]
[BlackElo "1774"]
[PlyCount "105"]
[EventDate "2019.09.14"]
[EventType "team-tourn"]
[EventRounds "7"]
[EventCountry "GER"]
[SourceTitle "EXT 2023"]
[Source "ChessBase"]
[SourceDate "2022.10.05"]
[SourceVersion "1"]
[SourceVersionDate "2022.10.05"]
[SourceQuality "1"]
[WhiteTeam "Ochtrup"]
[BlackTeam "Heiden II"]
[WhiteTeamCountry "GER"]
[BlackTeamCountry "GER"]

1. e4 c5 2. d4 cxd4 3. c3 dxc3 4. Nxc3 Nc6 5. Nf3 d6 6. Bc4 Nf6 7. h3 g6 8. Qe2 Bg7 9. 0-0 0-0 10. Rd1 Nd7 11. Bg5 Bxc3 12. bxc3 Nde5 13. Bh6 Nxf3+ 14. Qxf3 Ne5 15. Qe2 Re8 16. Bb3 Bd7 17. f4 Nc6 18. f5 Ne5 19. Rd5 Qb6+ 20. Be3 Qc7 21. Rf1 e6 22. Rxe5 dxe5 23. f6 Qxc3 24. Rc1 Bb5 25. Qf2 Qd3 26. Rd1 Qe2 27. Qg3 Bd3 28. Qg5 Bxe4 29. Bf2 Qh5 30. Qe3 Bf5 31. Rd7 g5 32. g4 Bxg4 33. hxg4 Qxg4+ 34. Qg3 Qxg3+ 35. Bxg3 b5 36. Bxe5 a5 37. Rd2 Rac8 38. Rg2 h6 39. Bb2 Red8 40. a4 b4 41. Kf1 Rc5 42. Ke2 h5 43. Ke3 Rdc8 44. Bd1 g4 45. Bd4 Rc1 46. Rd2 Kh7 47. Bb2 R1c4 48. Be2 R4c5 49. Bd4 Rd5 50. Bd3+ Kh6 51. Be4 Rd7 52. Be5 h4 53. Rxd7 1-0

[Event "Muensterland Verbandsklasse 1920"]
[Site "Germany"]
[Date "2020.01.18"]
[Round "5.2"]
[White "Bahr, Maximilian"]
[Black "Dolle, Stephan"]
[Result "0-1"]
[WhiteElo "1738"]
[BlackElo "1774"]
[PlyCount "70"]
[EventDate "2019.09.14"]
[EventType "team-tourn"]
[EventRounds "7"]
[EventCountry "GER"]
[SourceTitle "EXT 2023"]
[Source "ChessBase"]
[SourceDate "2022.10.05"]
[SourceVersion "1"]
[SourceVersionDate "2022.10.05"]
[SourceQuality "1"]
[WhiteTeam "Emsdetten Rochade III"]
[BlackTeam "Heiden II"]
[WhiteTeamCountry "GER"]
[BlackTeamCountry "GER"]

1. d4 d5 2. c4 e6 3. Nc3 Nf6 4. Nf3 Nbd7 5. e3 Be7 6. Bd3 dxc4 7. Bxc4 a6 8. 0-0 b5 9. Bd3 Bb7 10. b3 c5 11. Bb2 cxd4 12. Nxd4 0-0 13. Rc1 Nc5 14. Bb1 b4 15. Nce2 Qb6 16. Nf4 Rfd8 17. Qe2 Rac8 18. Nh5 a5 19. Rfd1 g6 20. Nc6 Qxc6 21. Rxd8+ Bxd8 22. Nf4 Nh5 23. f3 Nxf4 24. exf4 Qd6 25. Be4 Qe7 26. Bd4 Nd7 27. Rd1 Bb6 28. Qf2 Bxd4 29. Qxd4 Qc5 30. Qxc5 Nxc5 31. Rc1 Nd7 32. Rd1 Nb6 33. Kf2 Bd5 34. g4 Rc3 35. Rd3 Rc1 0-1

[Event "Muensterland Verbandsklasse-B 1112"]
[Site "Germany"]
[Date "2012.01.14"]
[Round "5.7"]
[White "Van Dam, Hans"]
[Black "Dolle, Stephan"]
[Result "1-0"]
[WhiteElo "1564"]
[BlackElo "1667"]
[PlyCount "111"]
[EventDate "2011.09.17"]
[EventType "team-tourn"]
[EventRounds "9"]
[EventCountry "GER"]
[SourceTitle "EXT 2013"]
[Source "ChessBase"]
[SourceDate "2012.11.22"]
[SourceVersion "1"]
[SourceVersionDate "2012.11.22"]
[SourceQuality "1"]
[WhiteTeam "Rheine Klein Berlin II"]
[BlackTeam "Heiden II"]
[WhiteTeamCountry "GER"]
[BlackTeamCountry "GER"]

1. e4 c5 2. Nf3 d6 3. Bc4 Nc6 4. d4 cxd4 5. Nxd4 Nf6 6. Nc3 g6 7. Nxc6 bxc6 8. e5 Ng4 9. e6 Ne5 10. exf7+ Nxf7 11. Bxf7+ Kxf7 12. Qf3+ Kg7 13. 0-0 Qc7 14. Ne4 Bf5 15. Ng3 Qd7 16. b3 e5 17. Bb2 Be7 18. c4 Bf6 19. Nxf5+ gxf5 20. Rad1 h5 21. Qg3+ Kf7 22. Bxe5 d5 23. Bxf6 Kxf6 24. Qc3+ Kf7 25. cxd5 cxd5 26. Qd3 Rad8 27. Rfe1 d4 28. Re5 Kf6 29. Rc5 Rhg8 30. Qa6+ Kf7 31. Qc4+ Kf6 32. f4 Qe7 33. Rc6+ Kg7 34. Rc7 Rd7 35. Rxd7 Qxd7 36. Qxd4+ Qxd4+ 37. Rxd4 Kf6 38. Rd7 a5 39. Ra7 Rd8 40. Rxa5 Rd1+ 41. Kf2 Rd2+ 42. Kg3 h4+ 43. Kh3 Rf2 44. g3 Rb2 45. Ra6+ Kf7 46. Kxh4 Rxh2+ 47. Kg5 Rg2 48. Kxf5 Rxg3 49. Ra7+ Ke8 50. Kf6 Rf3 51. f5 Rc3 52. b4 Rc6+ 53. Kg7 Rc4 54. b5 Rc5 55. b6 Rxf5 56. b7 1-0

[Event "Muensterland Verbandsklasse-B 1011"]
[Site "Germany"]
[Date "2010.09.18"]
[Round "1.6"]
[White "Junker, Axel"]
[Black "Dolle, Stephan"]
[Result "1/2-1/2"]
[WhiteElo "1771"]
[BlackElo "1678"]
[PlyCount "100"]
[EventDate "2010.09.18"]
[EventType "team-tourn"]
[EventRounds "9"]
[EventCountry "GER"]
[SourceTitle "EXT 2012"]
[Source "ChessBase"]
[SourceDate "2011.11.24"]
[SourceVersion "1"]
[SourceVersionDate "2011.11.24"]
[SourceQuality "1"]
[WhiteTeam "Telgte"]
[BlackTeam "Heiden II"]
[WhiteTeamCountry "GER"]
[BlackTeamCountry "GER"]

1. c4 c6 2. d4 d5 3. Nc3 e6 4. Nf3 Nf6 5. Bg5 h6 6. Bh4 Be7 7. e3 Nbd7 8. Qc2 0-0 9. Bd3 dxc4 10. Bxc4 b5 11. Bd3 a6 12. Bxf6 Nxf6 13. a4 Bb7 14. 0-0 Rc8 15. Rfd1 Qb6 16. Qb3 Rfd8 17. Ne5 Nd5 18. Nxd5 Rxd5 19. Bc4 Rd6 20. f4 Qc7 21. Be2 c5 22. axb5 axb5 23. Qxb5 Rb6 24. Qd7 Qxd7 25. Nxd7 Rxb2 26. Kf1 Bxg2+ 27. Kxg2 Rxe2+ 28. Kf3 Rc2 29. dxc5 Bxc5 30. Rac1 Be7 31. Rxc2 Rxc2 32. h3 Rh2 33. Kg3 Re2 34. Kf3 Rb2 35. Ne5 f6 36. Rd7 Bc5 37. Nd3 Rb5 38. Rc7 Ba3 39. Rc3 Be7 40. Rc6 Kf7 41. Rc7 Rd5 42. Nb4 Rd8 43. Nc6 Re8 44. Nd4 g5 45. Nc6 gxf4 46. Kxf4 Kf8 47. Kf3 f5 48. Nd4 Bg5 49. Rd7 Re7 50. Rd6 Kf7 1/2-1/2

[Event "Muensterland Verbandsklasse-A 0708"]
[Site "Germany"]
[Date "2007.11.17"]
[Round "3.4"]
[White "Moeller, Christian"]
[Black "Dolle, Stephan"]
[Result "0-1"]
[WhiteElo "1768"]
[BlackElo "1779"]
[PlyCount "48"]
[EventDate "2007.09.22"]
[EventType "team"]
[EventRounds "9"]
[EventCountry "GER"]
[SourceTitle "EXT 2009"]
[Source "ChessBase"]
[SourceDate "2008.11.26"]
[SourceVersion "1"]
[SourceVersionDate "2008.11.26"]
[SourceQuality "1"]
[WhiteTeam "Ibbenbueren"]
[BlackTeam "Heiden II"]
[WhiteTeamCountry "GER"]
[BlackTeamCountry "GER"]

1. e4 c5 2. Nf3 Nc6 3. d4 cxd4 4. Nxd4 d6 5. Nc3 g6 6. Be3 Bg7 7. Qd2 Nf6 8. f3 0-0 9. Be2 Bd7 10. g4 Rc8 11. h4 h5 12. Nd5 hxg4 13. Nxf6+ Bxf6 14. Nxc6 Bxc6 15. 0-0-0 gxf3 16. Bxf3 Ba4 17. b3 Bc3 18. Qd5 Bc6 19. Qd3 Qa5 20. Kb1 Bb5 21. Qd5 Qa3 22. Bc1 Qc5 23. Qxb7 Bf6 24. Rh2 Qe5 0-1

[Event "Muensterland Verbandsklasse-A 0607"]
[Site "Germany"]
[Date "2007.05.12"]
[Round "9.2"]
[White "Visschedijk, Theo"]
[Black "Dolle, Stephan"]
[Result "1-0"]
[WhiteElo "1894"]
[BlackElo "1804"]
[PlyCount "81"]
[EventDate "2006.09.23"]
[EventType "team"]
[EventRounds "9"]
[EventCountry "GER"]
[SourceTitle "EXT 2008"]
[Source "ChessBase"]
[SourceDate "2007.11.25"]
[SourceVersion "1"]
[SourceVersionDate "2007.11.25"]
[SourceQuality "1"]
[WhiteTeam "Emsdetten Turm III"]
[BlackTeam "Heiden II"]
[WhiteTeamCountry "GER"]
[BlackTeamCountry "GER"]

1. e4 c5 2. c3 Nc6 3. d4 cxd4 4. cxd4 d6 5. Nf3 Nf6 6. Nc3 g6 7. d5 Ne5 8. Nxe5 dxe5 9. Be3 Qa5 10. Bb5+ Bd7 11. Bxd7+ Nxd7 12. 0-0 Bg7 13. Qb3 b6 14. Qc4 0-0 15. b4 Qa3 16. Bc1 b5 17. Nxb5 Qa6 18. a4 Rfc8 19. Qb3 Rab8 20. Be3 Nb6 21. Bc5 Bf6 22. Rfd1 Nxa4 23. Qxa4 Qxb5 24. Qxb5 Rxb5 25. Rxa7 Kf8 26. Kf1 Ke8 27. Ke2 Rcb8 28. Kd3 R5b7 29. Rda1 Kd7 30. Kc4 Bg5 31. Rxb7+ Rxb7 32. Ra8 e6 33. Rf8 exd5+ 34. Kxd5 f6 35. Rf7+ Kc8 36. Rxb7 Kxb7 37. Ke6 Kc6 38. Be7 Kb5 39. Bxf6 Bd2 40. Bxe5 Bxb4 41. f4 1-0

[Event "Muensterland Verbandsklasse-A 0506"]
[Site "Germany"]
[Date "2006.02.25"]
[Round "7.5"]
[White "Dolle, Stephan"]
[Black "Zivkov, Viktor"]
[Result "1-0"]
[WhiteElo "1789"]
[BlackElo "1863"]
[PlyCount "45"]
[EventDate "2005.09.03"]
[EventType "team"]
[EventRounds "9"]
[EventCountry "GER"]
[SourceTitle "EXT 2006"]
[Source "ChessBase"]
[SourceDate "2005.11.24"]
[SourceVersion "1"]
[SourceVersionDate "2005.11.24"]
[SourceQuality "1"]
[WhiteTeam "Heiden II"]
[BlackTeam "Bocholt"]
[WhiteTeamCountry "GER"]
[BlackTeamCountry "GER"]

1. d4 d5 2. c4 c6 3. Nc3 Nf6 4. Nf3 Bf5 5. Qb3 b6 6. cxd5 Nxd5 7. Ne5 e6 8. g4 Bg6 9. h4 Nxc3 10. bxc3 Qd5 11. Rg1 Qxb3 12. axb3 f6 13. Nc4 Nd7 14. Bg2 Rc8 15. Rxa7 c5 16. Rxd7 Kxd7 17. Nxb6+ Kc7 18. Nxc8 Kxc8 19. dxc5 Bxc5 20. b4 Bb6 21. e4 Rd8 22. Ke2 e5 23. Be3 1-0

[Event "Muensterland Verbandsklasse-A 0405"]
[Site "Muensterland"]
[Date "2005.03.19"]
[Round "8.4"]
[White "Holstegge, Ludger"]
[Black "Dolle, Stephan"]
[Result "1-0"]
[WhiteElo "1897"]
[BlackElo "1765"]
[PlyCount "69"]
[EventDate "2004.09.11"]
[EventType "team"]
[EventRounds "9"]
[EventCountry "GER"]
[SourceTitle "EXT 2006"]
[Source "ChessBase"]
[SourceDate "2005.11.24"]
[SourceVersion "1"]
[SourceVersionDate "2005.11.24"]
[SourceQuality "1"]
[WhiteTeam "Nordwalde"]
[BlackTeam "Heiden II"]
[WhiteTeamCountry "GER"]
[BlackTeamCountry "GER"]

1. c4 c6 2. g3 Nf6 3. Bg2 d5 4. cxd5 Nxd5 5. e4 Nf6 6. d4 g6 7. Ne2 Bg7 8. 0-0 0-0 9. h3 Nbd7 10. Nbc3 e5 11. d5 cxd5 12. exd5 Nb6 13. Bg5 h6 14. Be3 Re8 15. Qb3 Bf5 16. Rfd1 h5 17. a4 Qd7 18. Bxb6 axb6 19. Kh2 e4 20. Nb5 Re5 21. Nec3 Rd8 22. d6 Ne8 23. Qb4 Bf8 24. Bxe4 Bxe4 25. Nxe4 Qe6 26. Rd4 f5 27. Ng5 Qf6 28. h4 Nxd6 29. Qb3+ Kg7 30. Rad1 Nf7 31. Rxd8 Nxd8 32. Rxd8 Re2 33. Rd7+ Be7 34. Nd4 Rxf2+ 35. Kg1 1-0

[Event "Muensterland Verbandsklasse-A 0405"]
[Site "Muensterland"]
[Date "2005.01.22"]
[Round "5.6"]
[White "Dolle, Stephan"]
[Black "Robers, Frank"]
[Result "1-0"]
[WhiteElo "1765"]
[BlackElo "1767"]
[PlyCount "55"]
[EventDate "2004.09.11"]
[EventType "team"]
[EventRounds "9"]
[EventCountry "GER"]
[SourceTitle "EXT 2006"]
[Source "ChessBase"]
[SourceDate "2005.11.24"]
[SourceVersion "1"]
[SourceVersionDate "2005.11.24"]
[SourceQuality "1"]
[WhiteTeam "Heiden II"]
[BlackTeam "Gesch II"]
[WhiteTeamCountry "GER"]
[BlackTeamCountry "GER"]

1. d4 Nf6 2. c4 g6 3. Nc3 d5 4. cxd5 Nxd5 5. e4 Nxc3 6. bxc3 Bg7 7. Be3 0-0 8. Bc4 c5 9. Ne2 cxd4 10. cxd4 Nc6 11. 0-0 Bg4 12. f3 Na5 13. Bxf7+ Rxf7 14. fxg4 Rxf1+ 15. Kxf1 Qd6 16. Qa4 Nc6 17. Qc4+ Kh8 18. e5 Rf8+ 19. Kg1 Qa3 20. Nc3 Na5 21. Qc7 b5 22. Bg5 Qb2 23. Rf1 Nc4 24. Qxe7 Rg8 25. Bf6 Qxc3 26. Bxg7+ Rxg7 27. Rf8+ Rg8 28. Qf6# 1-0

[Event "Muensterland Verbandsklasse-A 0304"]
[Site "Germany"]
[Date "2004.03.27"]
[Round "8.4"]
[White "Dolle, Stephan"]
[Black "Buss, Harald"]
[Result "0-1"]
[WhiteElo "1811"]
[BlackElo "1829"]
[PlyCount "46"]
[EventDate "2003.09.20"]
[EventType "team"]
[EventRounds "9"]
[EventCountry "GER"]
[SourceTitle "EXT 2005"]
[Source "ChessBase"]
[SourceDate "2004.11.15"]
[SourceVersion "1"]
[SourceVersionDate "2004.11.15"]
[SourceQuality "1"]
[WhiteTeam "Heiden II"]
[BlackTeam "Muenster Indische Dame"]
[WhiteTeamCountry "GER"]
[BlackTeamCountry "GER"]

1. d4 c5 2. d5 e5 3. c4 d6 4. Nc3 Be7 5. e4 a6 6. a4 h5 7. Bd3 Bg5 8. Nf3 Bxc1 9. Qxc1 Nd7 10. 0-0 Nf8 11. Qd2 Ng6 12. g3 h4 13. a5 Qf6 14. Ne1 Bh3 15. Ng2 Bxg2 16. Rfe1 Bh3 17. Bf1 Bxf1 18. Rxf1 Nh6 19. f4 hxg3 20. hxg3 exf4 21. gxf4 Ng4 22. Rae1 Qh4 23. Qg2 Nxf4 0-1

[Event "Muensterland Verbandsklasse-A 0203"]
[Site "Muensterland"]
[Date "2003.05.03"]
[Round "9.6"]
[White "Dolle, Stephan"]
[Black "Wingenfeld, Klaus"]
[Result "1/2-1/2"]
[WhiteElo "1725"]
[BlackElo "1884"]
[PlyCount "74"]
[EventDate "2002.09.28"]
[EventType "team"]
[EventRounds "9"]
[EventCountry "GER"]
[SourceTitle "EXT 2004"]
[Source "ChessBase"]
[SourceDate "2003.11.25"]
[SourceVersion "1"]
[SourceVersionDate "2003.11.25"]
[SourceQuality "1"]
[WhiteTeam "Heiden II"]
[BlackTeam "Muenster SK III"]
[WhiteTeamCountry "GER"]
[BlackTeamCountry "GER"]

1. d4 Nf6 2. c4 g6 3. Nc3 Bg7 4. e4 d6 5. f3 0-0 6. Be3 Nc6 7. Qd2 a6 8. Nge2 Rb8 9. Nc1 e5 10. d5 Nd4 11. N1e2 Nxe2 12. Bxe2 c5 13. dxc6 bxc6 14. 0-0 Qc7 15. Rfd1 Rd8 16. Rac1 Be6 17. b3 Qb7 18. Na4 Ne8 19. Qa5 f5 20. c5 fxe4 21. fxe4 Qb4 22. Qxb4 Rxb4 23. cxd6 Rxe4 24. Bb6 Rxd6 25. Rxd6 Nxd6 26. Bf3 Rf4 27. Rxc6 Bf8 28. Bc5 Bd7 29. Rxa6 Bxa4 30. Bxd6 Bxd6 31. Rxd6 e4 32. Rd4 Bc6 33. Be2 Rf8 34. Bc4+ Kg7 35. Rd6 Rc8 36. Bd5 Bxd5 37. Rxd5 Rc1+ 1/2-1/2

[Event "Muensterland Verbandsklasse-A 0203"]
[Site "Muensterland"]
[Date "2002.09.28"]
[Round "1.6"]
[White "Overesch, Dieter"]
[Black "Dolle, Stephan"]
[Result "0-1"]
[WhiteElo "1849"]
[BlackElo "1725"]
[PlyCount "88"]
[EventDate "2002.09.28"]
[EventType "team"]
[EventRounds "9"]
[EventCountry "GER"]
[SourceTitle "EXT 2004"]
[Source "ChessBase"]
[SourceDate "2003.11.25"]
[SourceVersion "1"]
[SourceVersionDate "2003.11.25"]
[SourceQuality "1"]
[WhiteTeam "Nordwalde"]
[BlackTeam "Heiden II"]
[WhiteTeamCountry "GER"]
[BlackTeamCountry "GER"]

1. d4 d5 2. Nf3 c6 3. e3 Nf6 4. Nbd2 e6 5. Bd3 Nbd7 6. 0-0 Bd6 7. e4 dxe4 8. Nxe4 Nxe4 9. Bxe4 Nf6 10. Bd3 Qc7 11. c3 Bd7 12. Qe2 0-0-0 13. Ne5 Rdf8 14. a4 Nd5 15. g3 h5 16. h4 Ne7 17. Nc4 Nd5 18. b3 Nxc3 19. Qc2 Nd5 20. Nxd6+ Qxd6 21. Ba3 Nb4 22. Qc4 a5 23. Be4 f5 24. Bf3 f4 25. Kg2 g5 26. hxg5 fxg3 27. fxg3 h4 28. gxh4 Rxh4 29. Rh1 Qf4 30. Qe2 Qxg5+ 31. Kf2 Rxd4 32. Rh5 Qf4 33. Bc1 Nd3+ 34. Qxd3 Rxd3 35. Bxf4 Rxf4 36. Rh3 e5 37. Rg3 e4 38. Ke2 Rdxf3 39. Rag1 Rxg3 40. Rxg3 Bg4+ 41. Kd2 Rf2+ 42. Ke1 Rf4 43. Kd2 Rf2+ 44. Ke1 Re2+ 0-1